[Event "Llinars del Valles op-B 13th"]
[Site "Llinars del Valles"]
[Date "2019.06.15"]
[Round "8"]
[White "Martin Roldan, Adam"]
[Black "David Xapelli, Antoni"]
[Result "1/2-1/2"]
[WhiteElo "1423"]
[BlackElo "1704"]
[PlyCount "124"]
[EventDate "2019.03.30"]
[EventType "swiss"]
[EventRounds "8"]
[EventCountry "ESP"]
[SourceTitle "EXT 2021"]
[Source "ChessBase"]
[SourceDate "2020.10.23"]
[SourceVersion "1"]
[SourceVersionDate "2020.10.23"]
[SourceQuality "1"]

1. d4 d5 2. Bf4 Nf6 3. Nf3 e6 4. e3 c5 5. c3 Bd6 6. Bg3 Nc6 7. Nbd2 0-0 8. Be2 Qe7 9. Qc2 cxd4 10. exd4 e5 11. dxe5 Nxe5 12. 0-0 Nxf3+ 13. Nxf3 Bxg3 14. hxg3 Rd8 15. Rfe1 Qc5 16. Nd4 Bd7 17. Rad1 Rac8 18. Bf3 b5 19. Qb3 a5 20. a4 bxa4 21. Qa2 a3 22. bxa3 Qxc3 23. Ne2 Qc4 24. Bxd5 Qxa2 25. Bxa2 Bb5 26. Nf4 Rxd1 27. Rxd1 g5 28. Nd5 Kg7 29. Nxf6 Kxf6 30. Rd5 Rc1+ 31. Kh2 Bc4 32. Bxc4 Rxc4 33. Rxa5 Rc2 34. f3 Ra2 35. Ra6+ Kg7 36. a4 h6 37. g4 Kh7 38. Ra8 Kg7 39. Ra7 Ra3 40. a5 Ra1 41. a6 Ra3 42. Kg1 Ra2 43. Ra8 Kh7 44. a7 Kg7 45. Kf1 Kh7 46. Ke1 Kg7 47. Kd1 Kh7 48. Kc1 Kg7 49. Kb1 Ra6 50. Kb2 Kh7 51. Kb3 Kg7 52. Kb4 Ra1 53. Kc5 Kh7 54. Kd5 Kg7 55. Ke5 Re1+ 56. Kf5 Ra1 57. g3 Ra5+ 58. Ke4 Ra4+ 59. Kd5 Ra1 60. Kd6 Rd1+ 61. Ke5 Re1+ 62. Kf5 Ra1 1/2-1/2

[Event "Llinars del Valles op-B 12th"]
[Site "Llinars del Valles"]
[Date "2018.05.26"]
[Round "6.10"]
[White "Cutura Sole, Alexandre"]
[Black "David Xapelli, Antoni"]
[Result "1/2-1/2"]
[WhiteElo "1456"]
[BlackElo "1678"]
[PlyCount "69"]
[EventDate "2018.04.14"]
[EventType "swiss"]
[EventRounds "8"]
[EventCountry "ESP"]
[SourceTitle "CBM 184 Extra"]
[Source "ChessBase"]
[SourceDate "2018.06.28"]
[SourceVersion "1"]
[SourceVersionDate "2018.06.28"]
[SourceQuality "1"]

1. c4 e6 2. Nc3 Nf6 3. g3 d5 4. cxd5 exd5 5. d4 c6 6. e3 Bf5 7. Bg2 Bd6 8. Nge2 0-0 9. 0-0 Qc8 10. Nf4 Bxf4 11. exf4 Bh3 12. Re1 Bxg2 13. Kxg2 Re8 14. f3 Nbd7 15. Bd2 Qc7 16. Qc2 Qb6 17. Be3 Re7 18. Bf2 Rae8 19. Qd2 Qb4 20. Rxe7 Rxe7 21. Re1 Nb6 22. Rxe7 Qxe7 23. b3 Nc8 24. Na4 b6 25. Qc2 Qd7 26. Nb2 Ne8 27. Nd3 f6 28. Qe2 Kf7 29. g4 Qe6 30. Qd2 Nc7 31. f5 Qd7 32. Bg3 Nb5 33. Nf4 Nc7 34. Qe2 Qe7 35. Qd2 1/2-1/2

[Event "Gerunda op 3rd"]
[Site "Gerunda"]
[Date "2018.05.25"]
[Round "8"]
[White "David Xapelli, Antoni"]
[Black "Saurina Suner, Francesc Xavier"]
[Result "0-1"]
[WhiteElo "1678"]
[BlackElo "2007"]
[PlyCount "42"]
[EventDate "2018.04.06"]
[EventType "swiss"]
[EventRounds "9"]
[EventCountry "ESP"]
[SourceTitle "CBM 184 Extra"]
[Source "ChessBase"]
[SourceDate "2018.06.28"]
[SourceVersion "1"]
[SourceVersionDate "2018.06.28"]
[SourceQuality "1"]

1. d4 d5 2. Nf3 Nf6 3. e3 c5 4. c3 e6 5. Bd3 Nc6 6. Nbd2 Qc7 7. 0-0 b6 8. Re1 Bd6 9. e4 dxe4 10. Nxe4 Nxe4 11. Rxe4 Ne7 12. Rh4 Bb7 13. Qe2 0-0-0 14. dxc5 bxc5 15. Ba6 Nd5 16. Bxb7+ Qxb7 17. Rb1 Nxc3 18. Qc2 Nxb1 19. Qxb1 Be7 20. Qc2 Bxh4 21. Qxc5+ Qc7 0-1

[Event "Llinars del Valles op-B 12th"]
[Site "Llinars del Valles"]
[Date "2018.05.19"]
[Round "5.18"]
[White "David Xapelli, Antoni"]
[Black "Berbel Gutierrez, Jose Guillermo"]
[Result "1-0"]
[WhiteElo "1678"]
[BlackElo "1408"]
[PlyCount "99"]
[EventDate "2018.04.14"]
[EventType "swiss"]
[EventRounds "8"]
[EventCountry "ESP"]
[SourceTitle "CBM 184 Extra"]
[Source "ChessBase"]
[SourceDate "2018.06.28"]
[SourceVersion "1"]
[SourceVersionDate "2018.06.28"]
[SourceQuality "1"]

1. d4 e6 2. Nf3 Nf6 3. e3 c5 4. c3 b6 5. Bd3 Bb7 6. Nbd2 Be7 7. 0-0 0-0 8. e4 d6 9. Qe2 cxd4 10. cxd4 Nbd7 11. e5 dxe5 12. dxe5 Nd5 13. Ne4 h6 14. Bd2 Nc5 15. Nxc5 Bxc5 16. Qe4 f5 17. exf6 Qxf6 18. Qh7+ Kf7 19. Bg6+ Ke7 20. Bxh6 Kd6 21. Bxg7 Qe7 22. Bxf8 Rxf8 23. Qxe7+ Kxe7 24. Be4 Bd6 25. Rac1 Kd7 26. Nd4 Rf4 27. Bxd5 Bxd5 28. Nb5 Bb8 29. Rfd1 Ke7 30. Nxa7 Rg4 31. Rxd5 Bxa7 32. Rc7+ Kf6 33. Rd8 Ra4 34. Ra8 Rxa2 35. Rcxa7 Rxb2 36. g3 Ke5 37. Kg2 Kf5 38. Ra4 b5 39. Rb8 Ke5 40. Ra5 Kf6 41. Rbxb5 Re2 42. Rh5 Kg6 43. Rhe5 Rd2 44. Rxe6+ Kf7 45. Rb6 Rd7 46. Rh5 Kg7 47. h4 Rc7 48. Rhh6 Rd7 49. Rbg6+ Kf8 50. Rh8+ 1-0

[Event "Mataro op 12th"]
[Site "Mataro"]
[Date "2015.10.17"]
[Round "3.11"]
[White "Salicru Pages, Francesc Xavier"]
[Black "David Xapelli, Antoni"]
[Result "0-1"]
[WhiteElo "1748"]
[BlackElo "1826"]
[PlyCount "60"]
[EventDate "2015.10.03"]
[EventType "swiss"]
[EventRounds "9"]
[EventCountry "ESP"]
[SourceTitle "EXT 2024"]
[Source "ChessBase"]
[SourceDate "2023.10.10"]
[SourceVersion "1"]
[SourceVersionDate "2023.10.10"]
[SourceQuality "1"]

1. b3 e5 2. Bb2 d6 3. e3 Nf6 4. g3 g6 5. d4 Nc6 6. Bg2 exd4 7. Bxc6+ bxc6 8. Bxd4 Bg7 9. Qf3 Bb7 10. c4 0-0 11. Nc3 Re8 12. e4 c5 13. Bxf6 Qxf6 14. Qxf6 Bxf6 15. Rc1 Bxc3+ 16. Kd1 Bd4 17. f3 Bxg1 18. Rxg1 Re5 19. h4 Rae8 20. g4 h5 21. gxh5 Rxh5 22. Rg4 Kh7 23. Rf4 Kg7 24. Rc2 Reh8 25. Rg2 Bc8 26. Rh2 g5 27. Rg2 f6 28. e5 dxe5 29. Re4 Bb7 30. Reg4 Bxf3+ 0-1